• Robertson Jaime Robbie

di Personal Name

Records bibliografici associati: 1

001 - CONTROL NUMBER

  • control field: 2122

003 - CONTROL NUMBER IDENTIFIER

  • control field: IT-RoPau

005 - DATE AND TIME OF LATEST TRANSACTION

  • control field: 20131115220055.0

008 - FIXED-LENGTH DATA ELEMENTS

  • fixed length control field: 131115|| aca||aabn | a|a d

040 ## - CATALOGING SOURCE

  • Original cataloging agency: IT-RoPau
  • Transcribing agency: IT-RoPau

100 ## - HEADING--PERSONAL NAME

  • Personal name: Robertson Jaime Robbie
  • Miscellaneous information: Codice autore testo/musica SPICS: 23071
  • Relator term: Autore testo/musica
  • Name of part/section of a work: Up On Cripple Creek - Endless Highway - The Night They Drove Old Dixie Down - Stage Fright - The Shape I'm in - The Weight - When You Awake

670 ## - SOURCE DATA FOUND

  • Source citation: Work cat.: (IT-RoPau)102312: Dylan Bob 1185, Before the Flood (Bob Dylan/The Band-Doppio Lp K 63000)
CREDITS: SOCIETA' SAN PAOLO Via A.Severo, 58 - ROMA (RM) & PERIODICI SAN PAOLO SRL Via Giotto, 36 MILANO & CISF Via Giotto, 36 MILANO & EDIZIONI SAN PAOLO SRL,  Piazza Soncino, 5 CINISELLO BALSAMO (MI) -- ITALY